000 00712nam a22002297a 4500
005 20150223163816.0
008 140714b xxu||||| |||| 00| 0 Urdu d
010 _aUR-8662
020 q _c250.00
020 _c9789350733660
035 _aU-7217
037 _bDBAD/Pub.
040 _aDPL
_bUrdu
082 _a840.8
100 _aفضل اللہ مکر م
245 _a‎سنگ وثمر
_cفضل اللہ مکر م
246 _aSung-o- Samar
_bBy Dr.Syed Fazlullah Mukarram
260 _aد ھلی
_bEducational Publishing House
_c2014
270 _a3108,Vakeel Street,Kucha Pandit,Lal Kuan
_b.Delhi
_e110006
300 _a179ص
_c22Cm (Hb)
942 _2ddc
_cUR
_e
_h840.8
_mف ض ل
999 _c91722
_d91722